00698 2200229 4500001002100000005001500021035002000036007000300056008003900059020001900098082001000117084001600127100002500143245011200168250001400280260003300294300004200327500001100369650003300380650003500413990002000448INLIS00000000000347920230103085818 a0010-0123000006ta230103 | | |  a978602298010-0 a371.1 a371.1 DR. p0 aDr. Wachyu Sundayana1 aPembelajaran Berbasis Tema :bPanduan Guru dalam Mengembangkan Pembelajaran terpadu /cDr. Wachyu Sundayana aCet. 1,-- aJakarta. :bErlangga,c2019. av + 177 hlm. :bilus. ;c14,5 x 21 cm aIndeks aEditor, Noviertha I. Sallama aDesain Sampul, Yudi Nur Riyadi a15509/P/Bl/2022